书目信息 |
| 题名: |
山楂病虫草害诊治生态图谱
|
|
| 作者: | 冯玉增 , 刘小平 , 黄治学 主编 | |
| 分册: | ||
| 出版信息: | 北京 中国林业出版社 2019.09 |
|
| 页数: | 120, 168页 | |
| 开本: | 21cm | |
| 丛书名: | ||
| 单 册: | ||
| 中图分类: | S436.619-64 , S451.24-64 | |
| 科图分类: | ||
| 主题词: | 山楂--shan cha--病虫害防治--图谱 , 山楂--shan cha--除草--图谱 | |
| 电子资源: | ||
| ISBN: | 978-7-5219-0225-9 | |
| 000 | 01281nam0 2200289 450 | |
| 001 | 0106081907 | |
| 005 | 20201106082047.0 | |
| 010 | @a978-7-5219-0225-9@dCNY49.00 | |
| 100 | @a20191112d2019 em y0chiy50 ea | |
| 101 | 0 | @achi |
| 102 | @aCN@b110000 | |
| 105 | @aa z 000yy | |
| 106 | @ar | |
| 200 | 1 | @a山楂病虫草害诊治生态图谱@Ashan zha bing chong cao hai zhen zhi sheng tai tu pu@dAtlas of diagnosis and treatment for disease pest and weed disease of hawthorn@f冯玉增, 刘小平, 黄治学主编@zeng |
| 210 | @a北京@c中国林业出版社@d2019.09 | |
| 215 | @a120, 168页@d21cm | |
| 330 | @a本书介绍了山楂树的病、虫、草形态特征、危害特点、发生规律及无公害综合防治技术。全书介绍山楂病害、害虫、杂草以及天敌,含彩色生态照片近300幅。每种病、虫、草都配有多幅彩色生态图片,突出了农业和生物防治,也介绍了无公害化学农药防治技术。 | |
| 510 | 1 | @aAtlas of diagnosis and treatment for disease pest and weed disease of hawthorn@zeng |
| 606 | 0 | @a山楂@Ashan cha@x病虫害防治@j图谱 |
| 606 | 0 | @a山楂@Ashan cha@x除草@j图谱 |
| 690 | @aS436.619-64@v5 | |
| 690 | @aS451.24-64@v5 | |
| 701 | 0 | @a冯玉增@Afeng yu zeng@f(1958-)@4主编 |
| 701 | 0 | @a刘小平@Aliu xiao ping@4主编 |
| 701 | 0 | @a黄治学@Ahuang zhi xue@4主编 |
| 801 | 0 | @aCN@bBJSZM@c20201106 |
| 905 | @b1194120-3@dS436.619-64@e200@f4 | |
| 山楂病虫草害诊治生态图谱=Atlas of diagnosis and treatment for disease pest and weed disease of hawthorn/冯玉增, 刘小平, 黄治学主编.-北京:中国林业出版社,2019.09 |
| 120, 168页;21cm |
| ISBN 978-7-5219-0225-9:CNY49.00 |
| 本书介绍了山楂树的病、虫、草形态特征、危害特点、发生规律及无公害综合防治技术。全书介绍山楂病害、害虫、杂草以及天敌,含彩色生态照片近300幅。每种病、虫、草都配有多幅彩色生态图片,突出了农业和生物防治,也介绍了无公害化学农药防治技术。 |
| ● |
| 相关链接 |
|
|
|
|
正题名:山楂病虫草害诊治生态图谱
索取号:S436.619-64/200
 
预约/预借
| 序号 | 登录号 | 条形码 | 馆藏地/架位号 | 状态 | 备注 |
| 1 | 1194120 | 211941201 | 第二样本阅览室/ [索取号:S436.619-64/200] | 在馆 | |
| 2 | 1194121 | 211941210 | 第三借阅区/ [索取号:S436.619-64/200] | 在馆 | |
| 3 | 1194122 | 211941229 | 第三借阅区/ [索取号:S436.619-64/200] | 在馆 | |
| 4 | 1194123 | 211941238 | 第三借阅区/ [索取号:S436.619-64/200] | 在馆 |